كلام فى السياسة : (Record no. 3768)
[ view plain ]
| 000 -الفاتح | |
|---|---|
| حقل البيانات ثابتة الطول | 00825nac a22002051u 4500 |
| 008 - عناصر البيانات ثابتة الطول - معلومات عامة | |
| حقل البيانات ثابتة الطول | 121203s2002ua ||||| |||| 00| 0 ara d |
| 020 ## - الرقم الدولى المعيارى للكتب | |
| الرقم الدولى المعيارى للكتاب | 9770908088 |
| 082 ## - رقم تصنيف ديوى العشرى | |
| رقم التصنيف | 306.24097309 |
| رقم المادة | هـ ى ك |
| رقم الطبعة | 22 |
| 100 ## - المدخل الرئيسى - إسم شخصى | |
| الإسم الشخصى | هيكل، محمد حسين |
| 9 (RLIN) | 26920 |
| 245 ## - بيان العنوان | |
| العنوان | كلام فى السياسة : |
| بقية العنوان | من نيويورك الى كابول / |
| بيان المسئوليه,etc | محمد حسين هيكل. |
| 250 ## - بيان الطبعة | |
| بيان الطبعة | . |
| 260 ## - PUBLICATION, DISTRIBUTION, ETC. (IMPRINT) | |
| مكان الناشر او الموزع | القاهرة : |
| اسم الناشر او الموزع | المصرية للنشر العربى والدولى، |
| تاريخ النشر أو التوزيع | 2002. |
| 300 ## - الوصف المادى | |
| التعداد | 301 ص. ؛ |
| أبعاد الوعاء | 24 سم. |
| 500 ## - تبصرة عامة | |
| تبصرة عامة | على الغلاف : الزمن الامريكى. |
| 650 #0 - المدخل الاضافى بالموضوع-مصطلح موضوعى | |
| مصطلح موضوعي أو اسم جغرافي كعنصر مدخل | الحرب على الارهاب |
| 9 (RLIN) | 31588 |
| 651 #0 - المدخل الاضافى بالموضوع - اسم جغرافى | |
| الاسم الجغرافي | الولايات المتحدة |
| التقسيم الفرعي العام | سياسة وحكومة |
| 9 (RLIN) | 31589 |
| 651 #0 - المدخل الاضافى بالموضوع - اسم جغرافى | |
| الاسم الجغرافي | افغانستان |
| التقسيم الفرعي العام | تاريخ |
| 9 (RLIN) | 27947 |
| 653 ## - مصطلح تكشيفى غير مقيد | |
| Resource For college | |
| 942 ## - عناصر المدخل الإضافي( كوها) | |
| Koha [default] item type | Book - Borrowing |
| سابقة رقم الطلب | 306.24097309 هـ ي ك |
| مصدر التصنيف او مخطط الترفيف | Dewey Decimal Classification |
| حالة التراجع | حالة الفقد | مصدر التصنيف او خطة الترفيف | حالة تلف | ليس للاعارة | مجموعات كوها | المكان الدائم | المكان الحالي | موقع الترفيف | تاريخ الاكتساب | Source of acquisition | سعر الشراء الطبيعي | رقم الاستدعاء | الباركود | Date last seen | مُعار | التكلفة | نوع الوعاء |
|---|---|---|---|---|---|---|---|---|---|---|---|---|---|---|---|---|---|
| Dewey Decimal Classification | Alef-Baa | Central Library | Central Library | First floor | 17/05/2007 | 25.00 | 306.24097309 هـ ي ك | 000030048 | 15/07/2025 | 12/10/2008 | 31.25 | Book - Borrowing |